| 000 | 00724cab a2200253 4500 | ||
|---|---|---|---|
| 001 | ABS58843 | ||
| 008 | 090401t1998 xxu||||| |||| 00| 0 eng d | ||
| 035 | _a(Sirsi) u87078 | ||
| 041 | _aeng | ||
| 100 | _aSpring, M. | ||
| 245 | _aStreet life | ||
| 260 | _c1998 | ||
| 350 | _a0 | ||
| 490 |
_aBuilding _v(24) 12 June 1998, 44-51(5) |
||
| 520 | _aReports on British Airways new corporateheadquarters complex near Heathrow Airport. Includes cost analysis. | ||
| 650 | _aBUILT ENVIRONMENT-BUILDING COSTS | ||
| 650 | _aCOST ANALYSIS | ||
| 650 | _aOFFICE BUILDINGS | ||
| 650 | _aPAPERLESS OFFICE | ||
| 650 | _aTEAMWORKING | ||
| 690 | _aBUILT ENVIRONMENT-CONSTRUCTION DESIGN | ||
| 942 | _n0 | ||
| 948 | _c29/06/1998 | ||
| 999 |
_c54873 _d54873 |
||